Science Quiz

Random Science or Chemistry Quiz

5 Areas of Chemistry Quiz Stats

 Plays Quiz Updated Mar 28, 2015

Score 0/5 Timer 01:00
5 Plays Today
% Correct
Organic Chemistry
89.2%
Inorganic Chemistry
66%
Biochemistry
65.9%
Physical Chemistry
60.2%
Analytical Chemistry
34.3%

You're not logged in!

Compare scores with friends on all Sporcle quizzes.
OR
Log In

Sporcle TV

Today on Sporcle TV


Watch our educational content, quiz creation guides, and fun videos on Sporcle TV.

Show Comments

Extras

Top Quizzes Today


Score Distribution

Your Account Isn't Verified!

In order to create a playlist on Sporcle, you need to verify the email address you used during registration. Go to your Sporcle Settings to finish the process.

Report this User

Report this user for behavior that violates our Community Guidelines.

Details: